Police department learns 10 hard quality lessons.
Projekt oddelenia polície v Madisone, Wisconsin, na zlepšenie akosti činnosti polície podľa všeobecných zásad riadenia akosti v hospodárstve. Desať ponaučení z procesu realizácie projektu v rámci organizácie a vo vzťahu k občanom.
Salvato in:
| Autore principale: | |
|---|---|
| Natura: | Capitolo di libro |
| Lingua: | inglese |
| Soggetti: | |
| Tags: |
Nessun Tag, puoi essere il primo ad aggiungerne!!
|
MARC
| LEADER | 00000naa a2200000 4500 | ||
|---|---|---|---|
| 001 | r001937 | ||
| 005 | 20220819183652.3 | ||
| 041 | 0 | |a eng | |
| 044 | |a US | ||
| 245 | 1 | 0 | |a Police department learns 10 hard quality lessons. |c D.C. Couper |
| 520 | |a Projekt oddelenia polície v Madisone, Wisconsin, na zlepšenie akosti činnosti polície podľa všeobecných zásad riadenia akosti v hospodárstve. Desať ponaučení z procesu realizácie projektu v rámci organizácie a vo vzťahu k občanom. | ||
| 610 | 2 | 0 | |a kvalita práce |
| 610 | 2 | 0 | |a bezpečnosť |
| 610 | 2 | 0 | |a riadenie kvality |
| 610 | 2 | 0 | |a polícia |
| 610 | 2 | 0 | |a USA |
| 100 | 1 | |a Couper, D.C. | |